000 005190000a22001810004500
003 MACL
005 20160417131151.0
008 160417b xxu||||| |||| 00| 0 eng d
040 _aMACL
_cMACL
041 _aHindi
082 _a500
100 _aभटट सूयर्य नारायण
_952644
245 _aमानव विज्ञान
260 _bउर्जा प्रकाशन
_c1995
_aइलाहाबाद
350 _a180
650 _aSociology
_952645
942 _cHIN
_k500
_2ddc
999 _c12244
_d12244